[Event "RUS-chT (Women)"]
[Site "Sochi"]
[Date "2007.05.08"]
[Round "8"]
[White "Melnikova, Yana"]
[Black "Sharevich, Anna"]
[Result "1-0"]
[WhiteElo "2305"]
[BlackElo "2323"]
[PlyCount "99"]
[EventDate "2007.05.01"]
[EventType "team"]
[EventRounds "11"]
[EventCountry "RUS"]
[SourceTitle "CBM 118 Extra"]
[Source "ChessBase"]
[SourceDate "2007.07.04"]
[SourceVersion "1"]
[SourceVersionDate "2007.07.04"]
[SourceQuality "1"]

1. e4 c5 2. Nf3 e6 3. d4 cxd4 4. Nxd4 a6 5. Bd3 Bc5 6. Nb3 Be7 7. Qg4 g6 8. Qe2 d6 9. Be3 Qc7 10. f4 Nf6 11. N1d2 Nbd7 12. 0-0-0 b5 13. g4 h6 14. Kb1 Bb7 15. Rhf1 e5 16. c4 b4 17. g5 hxg5 18. fxg5 Nh5 19. Qf2 Rh7 20. Be2 f6 21. Bxh5 Rxh5 22. c5 d5 23. exd5 Bxd5 24. gxf6 Nxf6 25. Qg3 0-0-0 26. Qxg6 Rg8 27. Qd3 Qc6 28. Na5 Qb5 29. Nac4 Rd8 30. Nb6+ Kb7 31. Qg6 Rg8 32. Qc2 Bg2 33. Rxf6 Bxf6 34. Ne4 Qc6 35. Rd7+ Kb8 36. Nd6 Bh3 37. Rf7 Bd8 38. Qe2 Bxb6 39. Rb7+ Qxb7 40. Nxb7 Rf5 41. Qxa6 Rf1+ 42. Kc2 Rg2+ 43. Kb3 Rb1 44. Qxb6 Rgxb2+ 45. Kc4 Rc2+ 46. Kb5 Bd7+ 47. Ka6 Bc8 48. c6 Rxa2+ 49. Kb5 Ka8 50. Na5 1-0

[Event "RUS-chT (Women)"]
[Site "Sochi"]
[Date "2007.05.06"]
[Round "6"]
[White "Kovanova, Baira"]
[Black "Melnikova, Yana"]
[Result "1-0"]
[WhiteElo "2331"]
[BlackElo "2305"]
[PlyCount "83"]
[EventDate "2007.05.01"]
[EventType "team"]
[EventRounds "11"]
[EventCountry "RUS"]
[SourceTitle "CBM 118 Extra"]
[Source "ChessBase"]
[SourceDate "2007.07.04"]
[SourceVersion "1"]
[SourceVersionDate "2007.07.04"]
[SourceQuality "1"]

1. e4 d6 2. d4 g6 3. Nc3 Bg7 4. Be3 a6 5. Qd2 b5 6. Bd3 Bb7 7. a4 b4 8. Nce2 a5 9. Ng3 Nd7 10. Nf3 c5 11. c3 h5 12. h4 bxc3 13. bxc3 Qc7 14. 0-0 Ngf6 15. Rfe1 Ng4 16. Bg5 c4 17. Bc2 e5 18. dxe5 dxe5 19. Qe2 0-0 20. Nh2 Ngf6 21. Qe3 Kh7 22. Rab1 Nc5 23. Rb5 Rfc8 24. f4 Ba6 25. Rbb1 Nd3 26. Rf1 exf4 27. Bxf4 Nxf4 28. Qxf4 Qc5+ 29. Kh1 Re8 30. Nf3 Ra7 31. Rb8 Qe7 32. e5 Nd5 33. Rxe8 Qxe8 34. Qe4 Rd7 35. Ng5+ Kh8 36. Nxh5 Qxe5 37. Nxg7 Qxe4 38. Bxe4 Kxg7 39. Bxd5 Rxd5 40. Rxf7+ Kg8 41. Rf6 Bb7 42. Rxg6+ 1-0

[Event "RUS-chT (Women)"]
[Site "Sochi"]
[Date "2007.05.05"]
[Round "5"]
[White "Melnikova, Yana"]
[Black "Ivanova, Yulija"]
[Result "1/2-1/2"]
[WhiteElo "2305"]
[BlackElo "2155"]
[PlyCount "84"]
[EventDate "2007.05.01"]
[EventType "team"]
[EventRounds "11"]
[EventCountry "RUS"]
[SourceTitle "CBM 118 Extra"]
[Source "ChessBase"]
[SourceDate "2007.07.04"]
[SourceVersion "1"]
[SourceVersionDate "2007.07.04"]
[SourceQuality "1"]

1. e4 d5 2. exd5 Qxd5 3. Nc3 Qd6 4. Nf3 Nf6 5. d4 c6 6. g3 Bg4 7. Bg2 Na6 8. 0-0 e6 9. Bf4 Qd8 10. h3 Bxf3 11. Bxf3 Be7 12. Qd2 Qb6 13. g4 h6 14. Rad1 Nb4 15. Na4 Qd8 16. a3 Nbd5 17. Bg3 Bd6 18. c4 Bxg3 19. fxg3 Ne7 20. Nc5 Qc7 21. Qf2 0-0 22. Rfe1 Rad8 23. Kg2 Rd6 24. h4 b6 25. Ne4 Nxe4 26. Bxe4 f5 27. gxf5 exf5 28. Bf3 f4 29. g4 h5 30. Re5 hxg4 31. Bxg4 Rg6 32. Kh3 Rh6 33. Qf3 Qd6 34. Rde1 Ng6 35. Rh5 Rxh5 36. Be6+ Qxe6+ 37. Rxe6 Rxh4+ 38. Kg2 Rh6 39. Qxc6 f3+ 40. Kf2 Rh2+ 41. Kf1 Rh1+ 42. Kf2 Rh2+ 1/2-1/2

[Event "Rohde op 06th"]
[Site "Sautron"]
[Date "2006.10.31"]
[Round "5"]
[White "Melnikova, Yana"]
[Black "Shirazi, Kamran"]
[Result "1/2-1/2"]
[WhiteElo "2295"]
[BlackElo "2406"]
[PlyCount "61"]
[EventDate "2006.10.28"]
[EventType "swiss"]
[EventRounds "9"]
[EventCountry "FRA"]
[SourceTitle "EXT 2007"]
[Source "ChessBase"]
[SourceDate "2006.11.23"]
[SourceVersion "1"]
[SourceVersionDate "2006.11.23"]
[SourceQuality "1"]

1. e4 e5 2. Nf3 Nc6 3. Bb5 f5 4. d3 Nf6 5. Nc3 Bb4 6. Bd2 d6 7. Qe2 0-0 8. 0-0 Kh8 9. a3 Bxc3 10. Bxc3 fxe4 11. dxe4 Bg4 12. Qe3 d5 13. Bxe5 Bxf3 14. Bxc6 Ng4 15. Qd4 Nxe5 16. Qxe5 bxc6 17. gxf3 Rxf3 18. Rad1 Qh4 19. exd5 Qg4+ 20. Kh1 Rxf2 21. Rxf2 Qxd1+ 22. Kg2 cxd5 23. Qxc7 h6 24. Qc5 Kh7 25. Qe3 Rb8 26. b3 Rb6 27. Qf3 Qd4 28. Qf5+ Kh8 29. Qf8+ Kh7 30. Qf5+ Kh8 31. Qf8+ 1/2-1/2

[Event "Chigorin Memorial 13th"]
[Site "St Petersburg"]
[Date "2005.10.22"]
[Round "8"]
[White "Melnikova, Yana"]
[Black "Smirnov, Igor"]
[Result "1-0"]
[WhiteElo "2302"]
[BlackElo "2459"]
[PlyCount "127"]
[EventDate "2005.10.15"]
[EventType "swiss"]
[EventRounds "9"]
[EventCountry "RUS"]
[SourceTitle "CBM 108 Extra"]
[Source "ChessBase"]
[SourceDate "2005.11.04"]
[SourceVersion "1"]
[SourceVersionDate "2005.11.04"]
[SourceQuality "1"]

1. e4 c5 2. Nf3 e6 3. d4 cxd4 4. Nxd4 a6 5. Bd3 Nf6 6. 0-0 Qc7 7. Qe2 d6 8. c4 g6 9. Nc3 Bg7 10. Rd1 0-0 11. Nf3 Nc6 12. h3 Nd7 13. Bf4 Nce5 14. Nxe5 Nxe5 15. Rac1 Bd7 16. b3 Rfd8 17. Bg5 f6 18. Be3 Rac8 19. Bb1 Bc6 20. f4 Nf7 21. Qf2 Qe7 22. Bb6 Re8 23. Re1 Bd7 24. Qg3 Kh8 25. a4 Rg8 26. Qf2 Rge8 27. a5 Qf8 28. Ne2 Bh6 29. Rcd1 Qe7 30. Ng3 Rg8 31. Rf1 Bg7 32. Rde1 Rgf8 33. Qe2 Bh6 34. h4 e5 35. f5 Bf4 36. Qd3 Bxg3 37. Qxg3 gxf5 38. exf5 Rg8 39. Qf3 Bc6 40. Be4 Bxe4 41. Rxe4 Qd7 42. Re2 Qc6 43. Qh5 Rcf8 44. Kh2 d5 45. cxd5 Qxd5 46. Qf3 Qxf3 47. Rxf3 h5 48. Rd2 Nh6 49. g3 Rf7 50. Kg2 Rc8 51. b4 Rc4 52. Bc5 Kh7 53. Rd6 Rc2+ 54. Kf1 Kg7 55. Re6 Rd7 56. Re7+ Rxe7 57. Bxe7 Rd2 58. Ke1 Rd5 59. Bc5 Kf7 60. Bb6 e4 61. Rf4 Nxf5 62. Rxe4 Nxg3 63. Rc4 Rd7 64. Rc5 1-0